| 000 | 01297cam a2200361 a 4500 | ||
|---|---|---|---|
| 001 | 13480961 | ||
| 003 | OSt | ||
| 005 | 20140310182235.0 | ||
| 008 | 040205r20042002nyu c 000 1 eng | ||
| 010 | _a 2004044151 | ||
| 020 | _a0316155705 | ||
| 040 |
_aDLC _cDLC _dDLC |
||
| 042 | _alcac | ||
| 050 | 0 | 0 |
_aPZ 7 _b.Sh52823 2006 |
| 082 | 0 | 0 |
_aFIC _bSh1c #8 |
| 100 | 1 |
_aShan, Darren. _917437 |
|
| 245 | 1 | 0 |
_aAllies of the night / _cDarren Shan. |
| 246 | 1 |
_iAt head of title: _aCirque Du Freak |
|
| 250 | _a1st U.S. ed. | ||
| 260 |
_aNew York : _bLittle, Brown, _cc2006. |
||
| 300 |
_a215 p. : _c18 cm. |
||
| 490 | 1 |
_aThe saga of Darren Shan ; _vbk. 8 |
|
| 650 | 1 |
_aVampires _vFiction. _918545 |
|
| 650 | 1 |
_aSchools _vFiction. _918546 |
|
| 650 | 1 |
_aHorror stories. _93825 |
|
| 800 | 1 |
_aShan, Darren. _tSaga of Darren Shan ; _vbk. 8. _918547 |
|
| 856 | 4 | 2 |
_3Contributor biographical information _uhttp://www.loc.gov/catdir/enhancements/fy0742/2004044151-b.html |
| 856 | 4 | 2 |
_3Publisher description _uhttp://www.loc.gov/catdir/enhancements/fy0904/2004044151-d.html |
| 906 |
_a7 _bcbc _corignew _d1 _eocip _f20 _gy-gencatlg |
||
| 942 |
_2lcc _cBK-FIC |
||
| 999 |
_c10993 _d10993 |
||